Casting du film Avengers : Infinity War - Statistiques

Statistiques générales
  • Ce quiz a été pris 166 fois
  • Le résultat moyen est 20 sur 38
Statistiques - réponses
Personnage Acteur % Correct
Iron Man Robert Downey Jr.
99%
Captain America Chris Evans
96%
Thor Chris Hemsworth
95%
Spiderman Tom Holland
95%
Black Widow Scarlett Johansson
94%
Star-Lord Chris Pratt
90%
Docteur Strange Benedict Cumberbatch
86%
Hulk Mark Ruffalo
84%
Groot Vin Diesel
82%
Nick Fury Samuel L. Jackson
81%
Wanda Maximoff Elizabeth Olsen
79%
Gamora Zoe Saldaña
78%
Rocket Raccoon Bradley Cooper
76%
Black Panther Chadwick Boseman
73%
Loki Tom Hiddleston
73%
Bucky Sebastian Stan
70%
Heimdall Idris Elba
59%
Pepper Potts Gwyneth Paltrow
57%
Drax Dave Bautista
54%
Thanos Josh Brolin
53%
Vision Paul Bettany
48%
War Machine Don Cheadle
45%
Mantis Pom Klementieff
41%
Wong Benedict Wong
40%
Shuri Letitia Wright
28%
Okoye Danai Gurira
25%
Maria Hill Cobie Smulders
24%
Le Collectionneur Benicio Del Toro
21%
Eitri Peter Dinklage
16%
Thaddeus Ross William Hurt
16%
M'Baku Winston Duke
16%
Ned Leeds Jacob Batalon
13%
Proxima Midnight Carrie Coon
10%
Crâne rouge Ross Marquand
9%
Ayo Florence Kasumba
8%
Corvus Glaive Michael James Shaw
7%
Ebony Maw Tom Vaughan-Lawlor
7%
Cull Obsidian Terry Notary
5%
Aucun quiz correspondant
Distribution des résultats
% des personnes avec chaque résultat
Percentile par nombre de réponses
Votre historique - résultats
Vous n’avez pas pris ce quiz